Car Logos With Blue on Them - Statistics

General Stats
  • This quiz has been taken 81 times
  • The average score is 13 of 16
Answer Stats
Picture Answer % Correct
Volkswagen
99%
Ford
97%
Toyota
97%
BMW
96%
Lexus
96%
Hyundai
95%
Tesla
95%
Alfa Romeo
92%
Mazda
92%
Subaru
92%
Maserati
88%
Skoda
81%
Saab
63%
Alpine
55%
Daewoo
49%
Tata
42%
No matching quizzes found
Score Distribution
Percent of People with Each Score
Percentile by Number Answered
Your Score History
You have not taken this quiz